| 000 | 00724nam a2200193Ia 4500 | ||
|---|---|---|---|
| 003 | GCL | ||
| 008 | 140319s9999 xx 000 0 ara d | ||
| 040 |
_aGCL / _cGCL |
||
| 082 | 0 | 4 |
_a321.009174927 _bع ن |
| 100 | 1 | _aعلى الدين هلال | |
| 245 | 1 | 0 |
_aالنظم السياسية العربية قضايا الاستمرار والتغيير / _cعلى الدين هلال |
| 700 | 1 | _aنيفين مسعد | |
| 250 | _aالاولى | ||
| 260 |
_aبيروت : _bمركز دراسات الوحدة العربية ، _c2000 |
||
| 300 |
_a219 ص ؛ _c24 سم |
||
| 650 | 0 | 4 | _aالسياسة - البلدان العربية |
| 650 | 0 | 4 | _aالانظمة السياسية - البلدان العربية |
| 942 |
_2ddc _cBK |
||
| 999 |
_c189 _d189 |
||